Issues and policy implication of migration from Uttrakhand / (Record no. 27266)
[ view plain ]
| 000 -LEADER | |
|---|---|
| fixed length control field | 00505nam a2200145Ia 4500 |
| 008 - FIXED-LENGTH DATA ELEMENTS--GENERAL INFORMATION | |
| fixed length control field | 211220s9999 xx 000 0 eng d |
| 041 ## - LANGUAGE CODE | |
| Language code of text/sound track or separate title | English |
| 082 ## - DEWEY DECIMAL CLASSIFICATION NUMBER | |
| Classification number | RB.0310 |
| 100 ## - MAIN ENTRY--PERSONAL NAME | |
| Personal name | Bhatt, Amitabh |
| Affiliation | M.P.G. College Mussorie |
| -- | Dehradoon, Uttrakhand |
| 245 #0 - TITLE STATEMENT | |
| Title | Issues and policy implication of migration from Uttrakhand / |
| Statement of responsibility, etc. | Amitabh Bhatt |
| 260 ## - PUBLICATION, DISTRIBUTION, ETC. | |
| Place of publication, distribution, etc. | New Delhi : |
| Name of publisher, distributor, etc. | Indian Council oF Social Science Research, |
| Date of publication, distribution, etc. | 2018 |
| 300 ## - PHYSICAL DESCRIPTION | |
| Extent | 115p. |
| 536 ## - FUNDING INFORMATION NOTE | |
| Text of note | Indian Council of Social Science Research |
| 942 ## - ADDED ENTRY ELEMENTS (KOHA) | |
| Koha item type | Research Reports |
| Withdrawn status | Lost status | Source of classification or shelving scheme | Damaged status | Not for loan | Collection code | Home library | Current library | Date acquired | Source of acquisition | Total Checkouts | Full call number | Barcode | Date last seen | Price effective from | Koha item type |
|---|---|---|---|---|---|---|---|---|---|---|---|---|---|---|---|
| Dewey Decimal Classification | Not For Loan | ICSSR Research Project Reports | NASSDOC Library | NASSDOC Library | 15/12/2021 | Gifted by: RP Division ICSSR | RB.0310 | 51921 | 20/12/2021 | 20/12/2021 | Research Reports |
